000 00872nam a2200241 a 4500
005 20090513144250.0
008 920320s1993 njua | b 001 0 eng
010 _aENG-93512
020 _a9788120335967
_c275.00
035 _aEN-77045
037 _bDBAD / PUB
040 _adpl
_bEnglish
082 _a005.13
100 _aShah, Nita H.
245 _aNumerical methods with C++ programming /
_cby Nita H. Shah
260 _aNew Delhi
_bPHI Learning
_c2009
270 _aM-97, Connaught Circus,
_bNew Delhi
_e110001
300 _axiv, 310p.
_c23cm(pbk)
500 _aIncludes index
650 _aC++ (Computer program language)
942 _2ddc
_cEN
_mSHA
_h005.13
999 _c26325
_d26325